| 000 | 00330nam a2200133Ia 4500 | ||
|---|---|---|---|
| 008 | 230917s9999||||xx |||||||||||||| ||und|| | ||
| 040 |
_e113538 _aMAIN |
||
| 041 | _aEnglish | ||
| 082 | _a323.4 H88H | ||
| 245 | 0 | _aHuman rights: new Perspectives, new realities | |
| 260 |
_aDelhi _bViva _c2002 |
||
| 300 | _a259p. p. | ||
| 942 | _cBK | ||
| 999 |
_c137028 _d137028 |
||